| 000 | 00629nam a22001697a 4500 | ||
|---|---|---|---|
| 082 | _a621.3 | ||
| 100 | _aFalak, Hemal ; Amjad, Huma ; Zaman, Noor ; Shoaib, Sidrah | ||
| 245 |
_aInteractive Walk-thru Projection / _cHemal Falak ; Huma Amjad ; Noor Zaman ; Sidrah Shoaib |
||
| 260 |
_aIslamabad : _bSEECS - NUST, _c2014. |
||
| 300 |
_a59 p. ; _c30cm. |
||
| 563 | _aHB | ||
| 650 |
_aElectrical(Electronics) Engineering-Project Report _993479 |
||
| 700 |
_aDr. Rehan Hafiz _919620 |
||
| 856 | _uhttp://10.250.8.41:8080/xmlui/handle/123456789/10814 | ||
| 942 |
_2ddc _cTHE |
||
| 999 |
_c536215 _d536215 |
||